000
00312nam a2200133Ia 4500
008
231129s1981||||xx |||||||||||||| ||spa||
040
_b
spa
082
_a
Co863 M671c
100
_a
Mira Restrepo Jorge
245
0
_a
Como en el Ser y otros cuentos
260
_c
1981
264
_a
Graficosmos
942
_2
ddc
_c
BKS
999
_c
7512
_d
7512